Early childhood obesity prevention policies (Record no. 237834)
[ view plain ]
| 000 -LEADER | |
|---|---|
| fixed length control field | 02716nam a2200397 a 4500 |
| 245 10 - TITLE STATEMENT | |
| Title | Early childhood obesity prevention policies |
| 260 ## - PUBLICATION, DISTRIBUTION, ETC. (IMPRINT) | |
| Place of publication | Washington, D.C. : |
| Name of publisher | National Academies Press, |
| Year of publication | c2011. |
| 300 ## - PHYSICAL DESCRIPTION | |
| Number of Pages | xii, 190 p. : |
| Other physical details | ill. (some col.) |
| 500 ## - GENERAL NOTE | |
| General note | "Early childhood obesity prevention policies." |
| General note | "Early Childhood Obesity Prevention Policies, Committee on Obesity Prevention Policies for Young Children." |
| 520 ## - SUMMARY, ETC. | |
| Summary, etc | Reviews factors related to overweight and obese children from birth to age 5, with a focus on nutrition, physical activity, and sedentary behavior, and recommends policies that can alter children's environments so that they promote the maintenance of healthy weight. Because the first years of life are important to health and well-being throughout the life span, preventing obesity in infants and young children can contribute to reversing the epidemic of obesity in children and adults. The report recommends that health care providers make parents aware of their child's excess weight early on. It also suggests that parents and child care providers keep children active throughout the day, provide them with healthy diets, limit screen time, and ensure children get adequate sleep. |
| 650 #0 - SUBJECT ADDED ENTRY--TOPICAL TERM | |
| Topical Term | Obesity in children |
| 700 1# - ADDED ENTRY--PERSONAL NAME | |
| Personal name | Birch, Leann L. |
| Personal name | Burns, Annina Catherine. |
| Personal name | Parker, Lynn. |
| 856 40 - ELECTRONIC LOCATION AND ACCESS | |
| Uniform Resource Identifier | http://site.ebrary.com/lib/rucke/Doc?id=10520724 |
No items available.
